La noche es madre del día / (Record no. 8645)

MARC details
000 -LEADER
campo de control de longitud fija 00730nam a2200241 i 4500
001 - NÚMERO DE CONTROL
campo de control 8645
003 - IDENTIFICADOR DE NÚMERO DE CONTROL
campo de control ES-MaACL
005 - FECHA Y HORA DE LA ÚLTIMA TRANSACCIÓN
campo de control 20230906145514.0
007 - CAMPO FIJO DE DESCRIPCIÓN FÍSICA--INFORMACIÓN GENERAL
campo de control de longitud fija t|
008 - DATOS DE LONGITUD FIJA--INFORMACIÓN GENERAL
campo de control de longitud fija 920818s1989 sp ||||1| spa d
020 ## - NÚMERO INTERNACIONAL ESTÁNDAR DEL LIBRO
Número Internacional Estándar del Libro 84-87075-06-1
080 ## - NÚMERO DE LA CLASIFICACIÓN DECIMAL UNIVERSAL
Número de la Clasificación Decimal Universal 839.71-23"19"
100 1# - ENTRADA PRINCIPAL--NOMBRE DE PERSONA
Nombre de persona Norén, Lars.
9 (RLIN) 85975
245 13 - MENCIÓN DEL TÍTULO
Título La noche es madre del día /
Mención de responsabilidad, etc. Lars Norén ; [traducción, Francisco J. Uriz].
260 ## - PUBLICACIÓN, DISTRIBUCIÓN, ETC.
Lugar de publicación, distribución, etc. Madrid :
Nombre del editor, distribuidor, etc. El Público, Centro de Documentación Teatral,
Fecha de publicación, distribución, etc. 1989.
300 ## - DESCRIPCIÓN FÍSICA
Extensión 170 p. ;
Dimensiones 22 cm.
490 1# - MENCIÓN DE SERIE
Mención de serie Teatro ;
Designación de volumen o secuencia 6
700 1# - ENTRADA AGREGADA--NOMBRE PERSONAL
Nombre de persona Uriz, Francisco J.
9 (RLIN) 112181
710 1# - ENTRADA AGREGADA--NOMBRE DE ENTIDAD CORPORATIVA
Nombre de entidad corporativa o nombre de jurisdicción como elemento de entrada Centro de Documentación Teatral (España)
9 (RLIN) 2605
830 1# - PUNTO DE ACCESO ADICIONAL DE SERIE-TÍTULO UNIFORME
Título uniforme Teatro ;
Designación de volumen o secuencia 6
9 (RLIN) 178026
852 ## - LOCALIZACIÓN
Ubicación ES-MaACL
Número de control de estantería L-16082
Holdings
Estatus retirado Estado de pérdida Estado de daño No para préstamo Biblioteca de origen Biblioteca actual Ubicación en estantería Fecha de adquisición Fuente de adquisición Total de préstamos Signatura topográfica completa Código de barras Visto por última vez Precio de reemplazo Tipo de ítem Koha
        Biblioteca del Ateneo de Madrid Biblioteca del Ateneo de Madrid Depósito 2 17/01/2008     L-16082 1008830 23/02/2023 23/02/2023 Libro impreso